Countries of Oceania by area with a map (Whammies) - Statistics

General Stats
  • This quiz has been taken 10 times
  • The average score is 8 of 14
Answers on the Map
Answers color-coded by a green-red scale on the quiz's map according to % correct below.
 
Answer Stats
Km2 Answer % Correct
21 Nauru
86%
7,692,024 Australia
71%
268,107 New Zealand
71%
462,840 Papua New Guinea
71%
18,272 Fiji
57%
726 Kiribati
57%
181 Marshall islands
57%
28,896 Solomon Islands
57%
26 Tuvalu
57%
12,189 Vanuatu
57%
702 Federated States of Micronesia
43%
2,842 Samoa
43%
459 Palau
29%
747 Tonga
29%
No matching quizzes found
Score Distribution
Percent of People with Each Score
Percentile by Number Answered
Your Score History
You have not taken this quiz